|
|
|
|
| LEADER |
00000nam a22000007a 4500 |
| 005 |
20150518223936.0 |
| 007 |
cr|||| |||| |
| 008 |
150518s2015 br |||||s|||| 00||0 por d |
| 020 |
|
|
|a 978-85-361-8316-9
|
| 035 |
|
|
|a 12703
|
| 040 |
|
|
|a vLex
|
| 090 |
|
|
|c 5436
|d 5436
|
| 100 |
1 |
|
|a Mascaro Nascimento, Amauri
|
| 245 |
1 |
0 |
|a Iniciaȯ̂ ao direito do trabalho 2015
|h [Recurso electrn̤ico] /
|c Amauri Mascaro Nascimento, Sonia Mascaro Nascimento
|
| 256 |
|
|
|a Servicio en ln̕ea
|
| 260 |
|
|
|a San Pablo:
|b LTR Editora,
|c 2015
|
| 300 |
|
|
|a 1 recurso electrn̤ico
|
| 500 |
|
|
|a A 40® ediȯ̂ desta obra demonstra, claramente, sua aceitaȯ̂ pelos alunos de cursos universitr̀ios, nos quais ̌ministrada a cadeira de Direito do Trabalho. Inicialmente um pequeno manual, se tornou uma refern̊cia nô apenas para estudantes, mas tambm̌ a profissionais de outras r̀eas, como aqueles especializados em Recursos Humanos. Atendendo a essa demanda, a cada nova ediȯ̂, o Autor tem atualizado sua obra com todas as alteraė̳s pertinentes e aprofundado temas de relevńcia na atualidade, como tem sido feito em relaȯ̂ ao dano moral, assďio sexual e teletrabalho. Nesta ediȯ̂ especificamente, merecem destaque as mudanȧs introduzidas pela Lei n. 13.015/14 ̉sistemt̀ica dos recursos trabalhistas e as alteraė̳s no tocante ao trabalho temporr̀io. Assim, a obra se mantm̌ atual, sem renunciar ̉exposiȯ̂ didt̀ica do Direito do Trabalho no contexto de sua sistematizaȯ̂ jurd̕ica, nota caracters̕tica desta obra e reflexo da idoneidade cultural de seu Autor, na sua reconhecida experin̊cia como professor universitr̀io.
|
| 506 |
1 |
|
|a Disponible solo en los productos indicados
|d vLex Global
|d vLex Global (Academic Edition, excluding Law Schools)
|d vLex Global (U.S. Academic Edition, Law Schools)
|d vLex Global (U.S. Academic Edition, excluding Law Schools)
|d vLex Global (Academic Edition, Law Schools)
|
| 650 |
0 |
4 |
|a Derecho Laboral y Seguridad Social
|z Brasil
|
| 700 |
1 |
|
|a Mascaro Nascimento, Sonia
|
| 740 |
0 |
|
|a vLex Libros (Servicio en ln̕ea)
|
| 856 |
4 |
0 |
|u http://vlex.com/source/inicia-o-ao-direito-do-trabalho-2015-12703
|z Acceso restringido
|
| 942 |
|
|
|c BOOK
|
| 999 |
0 |
|
|a Labor and Social Security
|